El impuesto a la producción agropecuaria. Algunos problemas en su aplicación (Registro nro. 27691)
[ vista simple ]
| 000 -LEADER | |
|---|---|
| fixed length control field | 00369 a2200109 4500 |
| 001 - CONTROL NUMBER | |
| control field | ART_19183 |
| 005 - DATE AND TIME OF LATEST TRANSACTION | |
| control field | 20260410161921.0 |
| 008 - FIXED-LENGTH DATA ELEMENTS--GENERAL INFORMATION | |
| fixed length control field | 260409a |
| 100 1# - MAIN ENTRY--PERSONAL NAME | |
| Personal name | Tarantino, Jacinto R. |
| 245 10 - TITLE STATEMENT | |
| Title | El impuesto a la producción agropecuaria. Algunos problemas en su aplicación |
| 773 0# - HOST ITEM ENTRY | |
| Title | La información |
| Related parts | - Tomo XXXIX, Nº 592 (abr. 1979) |
| Record control number | REV14902 |
No hay ítems disponibles.